| 000 | 00658nam a22002297a 4500 | ||
|---|---|---|---|
| 003 | OSt | ||
| 005 | 20140310181706.0 | ||
| 008 | 121122t xxu||||| |||| 00| 0 eng d | ||
| 020 | _a0553157736 | ||
| 050 |
_aPZ 7 _b.St849 1990 |
||
| 082 |
_aKF St4sv _b#6 |
||
| 100 |
_aStewart, Molly Mia _93765 |
||
| 245 |
_aSweet Valley Kids : Lila's secret / _bWritten Molly Mia Stewart; Created by Francine Pascal; illustrated by Ying- Hwa Hu. |
||
| 260 |
_aNew York : _bBantam Books _c1991. |
||
| 300 |
_g71 p.; _b19 cm. |
||
| 541 | _j1 | ||
| 541 | _j2 | ||
| 541 | _j3 | ||
| 562 | _e3 | ||
| 650 |
_aFiction _9746 |
||
| 942 |
_2lcc _cBK-KF _kKF |
||
| 999 |
_c1335 _d1335 |
||